000 00417nam a2200181Ia 4500
005 20240823051716.0
008 240823s9999||||xx |||||||||||||| ||und||
041 _aENGLISH
082 _A530.15 N3
100 _aGupta
245 0 _aMathematical Physics
250 _a2nd-Re
260 _c1993
_b"Vikas,New Delhi"
500 _aYES
650 _aMathematical Physics
_bPhysics
942 _cBK
999 _c220199
_d220199